000
00267nam a2200109Ia 4500
008
190216s9999||||xx |||||||||||||| ||und||
100
_a
Karoor Neelakandapillai
245
0
_a
Therenjedutha Kathakal
260
_b
National Book Stall
650
_a
Kathakal
942
_c
BK
999
_c
24318
_d
24318